| 000 | 00000nam 2200000za 4500 |
| 001 | 9.690541 |
| 003 | CaOODSP |
| 005 | 20220901140050 |
| 007 | cr ||||||||||| |
| 008 | 150407s2007 onc|||||o f|0| 0 eng d |
| 020 | |a978-0-662-47533-0 |
| 040 | |aCaOODSP|beng |
| 043 | |an-cn--- |
| 086 | 1 |aJ2-206/2007E-PDF |
| 110 | 1 |aCanada.|bJustice Canada. |
| 245 | 10|aVictims matter |h[electronic resource] / |cissued by the Policy Centre for Victim Issues. |
| 260 | |aOttawa : |bJustice Canada, |cc2007. |
| 300 | |a1 p. |
| 500 | |aThe catalogue number (J2-206/2007) and ISBN (978-0-662-05402-3) for the bilingual print edition have been incorrectly copied in this electronic publication. |
| 590 | |a12-27-Supp|b2012-06-12 |
| 690 | 07|aVictims|2gcpds |
| 775 | 08|tQuestions ayant trait aux victimes |w(CaOODSP)9.634896 |
| 776 | 0#|tVictims matter / |w(CaOODSP)9.669573 |
| 776 | 0#|tQuestions ayant trait aux victimes / |w(CaOODSP)9.669574 |
| 795 | |tVictims matter |w(CaOODSP)9.688611 |
| 856 | 40|ahttp://publications.gc.ca|qPDF|s1.87 MB|uhttps://publications.gc.ca/collections/collection_2012/jus/J2-206-2007-eng.pdf |